书目信息 |
| 题名: |
高加速寿命试验、高加速应力筛选和高加速应力审核诠释
|
|
| 作者: | 迈克莱恩 著 ;光电控制技术重点实验室 译 | |
| 分册: | ||
| 出版信息: | 北京 航空工业出版社 2014 |
|
| 页数: | 116页 | |
| 开本: | 26cm | |
| 丛书名: | ||
| 单 册: | ||
| 中图分类: | TB302 , TB24 | |
| 科图分类: | ||
| 主题词: | 加速寿命试验 , 加速度模拟--应力分析 | |
| 电子资源: | ||
| ISBN: | 978-7-5165-0613-4 | |
| 000 | 01734nam0 2200301 450 | |
| 001 | 012015000070 | |
| 005 | 20151130101931.79 | |
| 010 | @a978-7-5165-0613-4@dCNY40.00 | |
| 100 | @a20150601d2014 em y0chiy50 ea | |
| 101 | 1 | @achi@ceng |
| 102 | @aCN@b110000 | |
| 105 | @aa z 000yy | |
| 106 | @ar | |
| 200 | 1 | @a高加速寿命试验、高加速应力筛选和高加速应力审核诠释@Agao jia su shou ming shi yan、gao jia su ying li shai xuan he gao jia su ying li shen he quan shi@e加速可靠性技术@f(美)哈里·W. 迈克莱恩(Harry W. McLean)著@g光电控制技术重点实验室译 |
| 210 | @a北京@c航空工业出版社@d2014 | |
| 215 | @a116页@c图@d26cm | |
| 305 | @a据原书第2版译出 | |
| 312 | @a封面英文题名:Halt, hass, and hasa explained: accelerated reliability techniques | |
| 330 | @a本书诠释的HALT、HASS和HASA,正是许多具有前瞻性发展眼光的研发和生产单位,近年来引进后大力推行并已取得辉煌成果的加速可靠性试验技术。HALT适用于产品研制初期,其目的是在当前的技术能力极限条件下,获取产品所能经受应力的工作极限和破坏极限。HASS适用于生产阶段产品的全数筛选,其中,析出筛选和检测筛选应力设计的依据,正是由上述HALT获取的破坏极限和工作极限。而HASA则适用于成熟期的大批量生产。HASA是结合HASS剖面设计的一种统计系统,它通过对产品进行样本受控的抽样,使用户能够审核产品的出厂质量。加强产品生产过程和现场使用信息的统计控制是执行HASA的必要条件。 | |
| 510 | 1 | @aHalt, hass, and hasa explained@eaccelerated reliability techniques@zeng |
| 606 | 0 | @a加速寿命试验 |
| 606 | 0 | @a加速度模拟@x应力分析 |
| 690 | @aTB302@v5 | |
| 690 | @aTB24@v5 | |
| 701 | 1 | @c(美)@a迈克莱恩@Amai ke lai en@c(McLean, Harry W.)@4著 |
| 712 | 02 | @a光电控制技术重点实验室@Aguang dian kong zhi ji shu zhong dian shi yan shi@4译 |
| 801 | 0 | @aCN@b碧洲教育@c20151127 |
| 905 | @a10447@f4@dTB302@e251 | |
| 高加速寿命试验、高加速应力筛选和高加速应力审核诠释:加速可靠性技术/(美)哈里·W. 迈克莱恩(Harry W. McLean)著/光电控制技术重点实验室译.-北京:航空工业出版社,2014 |
| 116页:图;26cm |
| ISBN 978-7-5165-0613-4:CNY40.00 |
| 本书诠释的HALT、HASS和HASA,正是许多具有前瞻性发展眼光的研发和生产单位,近年来引进后大力推行并已取得辉煌成果的加速可靠性试验技术。HALT适用于产品研制初期,其目的是在当前的技术能力极限条件下,获取产品所能经受应力的工作极限和破坏极限。HASS适用于生产阶段产品的全数筛选,其中,析出筛选和检测筛选应力设计的依据,正是由上述HALT获取的破坏极限和工作极限。而HASA则适用于成熟期的大批量生产。HASA是结合HASS剖面设计的一种统计系统,它通过对产品进行样本受控的抽样,使用户能够审核产品的出厂质量。加强产品生产过程和现场使用信息的统计控制是执行HASA的必要条件。 |
| ● |
| 相关链接 |
|
|
|
|
正题名:高加速寿命试验、高加速应力筛选和高加速应力审核诠释
索取号:TB302/251
 
预约/预借
| 序号 | 登录号 | 条形码 | 馆藏地/架位号 | 状态 | 备注 |
| 1 | 0871439 | 208714391 | 第二样本阅览室/ [索取号:TB302/251] | 在馆 | |
| 2 | 0871440 | 208714408 | 第三借阅区/ [索取号:TB302/251] | 在馆 | |
| 3 | 0871441 | 208714417 | 第三借阅区/ [索取号:TB302/251] | 在馆 | |
| 4 | 0871442 | 208714426 | 第三借阅区/ [索取号:TB302/251] | 在馆 |